ARRUPE JESUIT UNIVERSITY

CORONAVIRUS -STOP THE SPREAD - CLEAN,DISINFECT,COVER
Normal view MARC view

Entry Personal Name

Number of records used in: 1

001 - CONTROL NUMBER

  • control field: 5325

003 - CONTROL NUMBER IDENTIFIER

  • control field: ARRUPE

005 - DATE AND TIME OF LATEST TRANSACTION

  • control field: 20131206135220.0

008 - FIXED-LENGTH DATA ELEMENTS

  • fixed length control field: 131206|| aca||aabn | a|a d

040 ## - CATALOGING SOURCE

  • Original cataloging agency: ARRUPE
  • Transcribing agency: ARRUPE

100 ## - HEADING--PERSONAL NAME

  • Personal name: Vardey, Lucinda.
  • Titles and other words associated with a name: Mother Teresa
  • Dates associated with a name: 1910-1997.

670 ## - SOURCE DATA FOUND

  • Source citation: Work cat.: (ARRUPE)0: Vardey, Lucinda. Mother Teresa 1910-1997., Mother Teresa /, 1995.

 

Arrupe Library. PO Box MP320 Mt Pleasant, Harare, Zimbabwe
263 242 745411|librarian@aju.ac.zw